000 00286nam a22001097a 4500
082 _a320
100 _aMarwah, Col. T. N.
_979790
245 _aBorder and Boundaries : Reflection on Indian partition
260 _aDelhi
_bGaurv Book Cetre
_c2017
650 _aPolitics
_979791
942 _cBK
999 _c63379
_d63379